| 000 | 00611nam a22001217a 4500 | ||
|---|---|---|---|
| 040 | _cRUA | ||
| 082 | _aDVM RAY 2025 B707 Or.1 | ||
| 100 | _aRAY KIMLEANG, រ៉ាយ គឹមលៀង | ||
| 245 | _aCase of canine parvovirus at animal clinic in sangkat kouk roka, khan prek pnov, phnom penh,ករណីជំងឺ PARVOVIRUS លើសុនខនៅគ្លីនិកសត្វក្នុងសង្កាត់គោករកា ខណ្ឌព្រែកព្នៅ រាជធានីភ្នំពេញ | ||
| 260 |
_aPHNOM PENH _bRUA _c2025 |
||
| 300 |
_aix, 42p. _bill. _c29cm. |
||
| 942 | _cNRM | ||
| 999 |
_c25691 _d25691 |
||